000 00258nam a2200109Ia 4500
008 220204s9999 xx 000 0 und d
082 _a82-3
_bHEY
100 _aHeyer, Georgette
245 3 _aAn Infamous army
260 _aNew York
_bBantam
_c1971
942 _cBK
999 _c29121
_d29121